Dopyty asymetrickou disjunkciu „or else“ bakalárska práca

Uložené v:
Podrobná bibliografia
Hlavný autor: Javorová, Patrícia
Korporativný autor: Fakulta hospodárskej informatiky EU. Katedra aplikovanej informatiky
Ďalší autori: Hudec, Miroslav, 1969-
Médium: Kniha
Jazyk:Slovak
Vydavateľské údaje: Bratislava 2022
Tagy: Pridať tag
Žiadne tagy, Buďte prvý, kto otaguje tento záznam!

MARC

LEADER 00000nbm a2200000 4500
001 0286075
005 20230127090400.8
041 0 |a slo 
044 |a SK 
245 1 0 |a Dopyty asymetrickou disjunkciu „or else“  |b bakalárska práca  |c Patrícia Javorová ; školiteľ: Miroslav Hudec 
264 1 |a Bratislava  |c 2022 
300 |a 56 s. 
100 1 |a Javorová, Patrícia 
700 1 |a Hudec, Miroslav, 1969- 
710 2 |a Fakulta hospodárskej informatiky EU. Katedra aplikovanej informatiky